000 nam a22 7a 4500
999 _c3158
_d3158
005 20170519155210.0
008 170519b1967 enk||||| |||| 00| 0 eng d
020 _a0434903930 (pbk) :
_c£7.95
040 _aAKMAL
082 _a658.4 DRU
090 _a658.4
_bDRU
100 1 _aDrucker, Peter F.
_d1909-2005
_95969
245 1 4 _aThe effective executive /
_c Drucker, Peter F.
260 _aLondon
_bHeinemann Professional,
_c1967
300 _a148p
_ccm
500 _aIncludes index
650 0 _aManagement.
_91462
942 _2ddc
_cBOOK